Normal view
MARC view
Entry Personal Name
001 - CONTROL NUMBER
- control field: 18497
003 - CONTROL NUMBER IDENTIFIER
- control field: BD-RjUL
005 - DATE AND TIME OF LATEST TRANSACTION
- control field: 20260517112029.0
008 - FIXED-LENGTH DATA ELEMENTS
- fixed length control field: 260517|| aca||aabn | a|a d
040 ## - CATALOGING SOURCE
- Original cataloging agency: BD-RjUL
- Transcribing agency: BD-RjUL
100 ## - HEADING--PERSONAL NAME
- Personal name: موہانى حسرت ، Muhānī, Ḥasrat
- Dates associated with a name: 1875-1951
670 ## - SOURCE DATA FOUND
- Source citation: Work cat.: (BD-RjUL)86488: موہانى حسرت ، Muhānī, Ḥasrat 1875-1951, ککلیات حسرت موہانی مولانا فضل الحسن حسرت موہانی کے مکمل تیرہ دیوان مع حالات و تبصرہ / Kulliyāt-i Ḥasrat Mohānī Maulānā Faz̤l-al-Ḥasan Ḥasrat Mohānī ke mukammal terah dīvān maʿ ḥālāt va tabṣirah /لياتِ حسرت / Kullīyāt-i Ḥasrat /